01154nam a2200313 i 4500003000900000005001700009007000300026008004100029020001500070040003000085082001300115100004400128245009600172264004500268300003800313336002700351337003400378338002800412490003100440500003500471500007100506504003100577590002700608700004300635910001400678942001400692952011700706999001700823DO-SdBNP20240711150557.0ta240711b1995 sp c 001 0 spa d a8408016172 aDO-SdBNPbspacBNPHUerda 4bP8822221 aPowell, charles T.eautord1960-98606410aJuan Carlos un rey para la democracia : cCharles T. Powell ; traducción Ángela Pérez aBarcelona, España :bPlaneta, c1995. a430 páginas :bretratosc24 cm. 2rdacontentatextobtxt 2rdamediaasin mediaciónbnc 2rdacarrieravolumenbnc1 aLa línea del horizonte.  aIncluye índice onomástico. aIncluye datos biografícos del autor en la solapa de la portada.  aBibliografía p: 413-421. aInventariado, 2024/ YL1 aPérez, Ángelaetraducción911936 aYlockward 2ddccLBS1 00102ddc56708GRaBNPHUbBNPHUcCTd2008-07-01eDonación l0oP882p2024-4359r2024-07-11w2024-07-11yLBS1 c57271d57271